La configuración del futuro / (Record no. 39218)

MARC details
000 -LEADER
campo de control de longitud fija 00704nam a2200217 i 4500
001 - NÚMERO DE CONTROL
campo de control 39218
003 - IDENTIFICADOR DE NÚMERO DE CONTROL
campo de control ES-MaACL
005 - FECHA Y HORA DE LA ÚLTIMA TRANSACCIÓN
campo de control 20231207062958.0
007 - CAMPO FIJO DE DESCRIPCIÓN FÍSICA--INFORMACIÓN GENERAL
campo de control de longitud fija t|
008 - DATOS DE LONGITUD FIJA--INFORMACIÓN GENERAL
campo de control de longitud fija 030227s1953 sp 00110 spa d
100 1# - ENTRADA PRINCIPAL--NOMBRE DE PERSONA
Nombre de persona Calvo Serer, Rafael,
Fechas asociadas al nombre 1916-1988
9 (RLIN) 33911
245 13 - MENCIÓN DEL TÍTULO
Título La configuración del futuro /
Mención de responsabilidad, etc. Rafael Calvo Serer.
260 ## - PUBLICACIÓN, DISTRIBUCIÓN, ETC.
Lugar de publicación, distribución, etc. Madrid :
Nombre del editor, distribuidor, etc. Rialp,
Fecha de publicación, distribución, etc. 1953 (
Fabricante Estades)
300 ## - DESCRIPCIÓN FÍSICA
Extensión 253 p. ;
Dimensiones 19 cm.
490 1# - MENCIÓN DE SERIE
Mención de serie Biblioteca pensamiento actual ;
Designación de volumen o secuencia 20
651 #4 - PUNTO DE ACCESO ADICIONAL DE MATERIA--NOMBRE GEOGRÁFICO
Nombre geográfico España-
Subdivisión general Civilización-
Subdivisión cronológica S.XIX.
9 (RLIN) 162600
651 #0 - PUNTO DE ACCESO ADICIONAL DE MATERIA--NOMBRE GEOGRÁFICO
Nombre geográfico España-
Subdivisión general Civilización-
Subdivisión cronológica S.XX.
9 (RLIN) 8171
830 1# - PUNTO DE ACCESO ADICIONAL DE SERIE-TÍTULO UNIFORME
Título uniforme Biblioteca pensamiento actual ;
Designación de volumen o secuencia 20
9 (RLIN) 181790
852 ## - LOCALIZACIÓN
Ubicación ES-MaACL
Número de control de estantería C-6250
Holdings
Estatus retirado Estado de pérdida Estado de daño No para préstamo Biblioteca de origen Biblioteca actual Ubicación en estantería Fecha de adquisición Fuente de adquisición Total de préstamos Signatura topográfica completa Código de barras Visto por última vez Precio de reemplazo Tipo de ítem Koha
        Biblioteca del Ateneo de Madrid Biblioteca del Ateneo de Madrid Sala Palomar 17/01/2008     C-6250 1041298 23/02/2023 23/02/2023 Libro impreso